000 01154nam a22003257a 4500
003 CHAP
005 20220329143612.0
008 100826s2009 it rn 00010 fre d
010 _a99145
011 _a100117
020 _a9789251059141
035 _a110803
040 _cCHAP
082 0 4 _a641.30218
_bF267f
110 2 _aFAO. Comisión del Codex Alimentarius
_939482
245 1 0 _aCodex alimentarius :
_bcode d'usages pour les poissons et les produits de la pêche
_c/par FAO. Commission du Codex Alimentarius
260 _aRome :
_bFAO,
_c2009
300 _aviii, 162 p. :
_bcuadros, diagramas
490 _aPrograma conjunto FAO/OMS sobre normas alimentarias
590 _aBATCH-UPD
_b10
_c20130110
_lUCH01
_h0844
590 _aCONVERSION
_b10
_c20130109
_lUCH01
_h1355
650 1 4 _aAlimentos
_xNormas de calidad.
_94256
650 1 4 _aInocuidad alimentaria.
_958836
650 1 4 _aPescado.
_987442
650 1 4 _aProductos pesqueros.
_992201
830 0 _aPrograma conjunto FAO/OMS sobre normas alimentarias
_992254
901 _aBK
942 _cLIBRO
949 _a641.30218 F267y
_bBC
_cFAO
_d33724002161066
_eFAO1
_gDonaciØn
_h113269
_i110803
_sb
999 _c99145
_d99145